| 000 | 01578cam a22003254a 4500 | ||
|---|---|---|---|
| 999 |
_c331827 _d331827 |
||
| 001 | 15961434 | ||
| 003 | NUST | ||
| 005 | 20171027180634.0 | ||
| 008 | 091027s2009 pk 000 0 urd | ||
| 010 | _a 2009361413 | ||
| 040 |
_aDLC _cDLC |
||
| 042 | _alcode | ||
| 043 | _aa-pk--- | ||
| 050 | 0 | 0 |
_aDS392.B28 _bA55 2009 |
| 066 |
_c(3 _c(4 |
||
| 082 |
_a954.15 _bHAS |
||
| 100 | 1 |
_6880-01 _aHassan, Usman M, _95704 |
|
| 245 | 1 | 0 |
_6880-02 _aBalocistān azla aur tareekhʻ : _cby M Usman Hasan |
| 260 |
_6880-03 _aQuetta : _bGosha adab _c1987 |
||
| 300 |
_a808 p. ; _c22 cm. |
||
| 520 | _aHistorical and geographical study of the districts of Balochistan, Pakistan. | ||
| 546 | _aIn Urdu. | ||
| 651 | 0 |
_aBalochistān (Pakistan) _xHistory, Local. _94592 |
|
| 651 | 0 |
_aBalochistān (Pakistan) _xGeography. _95705 |
|
| 880 | 1 |
_6100-01/(3/r _aایم عثمان حسن |
|
| 880 | 1 | 0 |
_6245-02/(3/r _aبلوچستان اضلاع اور تاریخ _cتحقيق، کامران اعظم سوهدروى. |
| 880 |
_6260-03/(3/r _aلاهور : _bتخليقات، _c2009. |
||
| 906 |
_a7 _bcbc _corigode _d3 _encip _f20 _gy-nonroman |
||
| 942 |
_2ddc _cBK |
||